000 00425nam a2200145Ia 4500
008 090124s9999 xx 000 0 und d
082 _b400372
245 _a जादूगार चेटकीण
250 _a1
260 _bमहाजन जगन्नाथ
_c1976
300 _a32
630 _a जादूगार चेटकीण
730 _a जादूगार चेटकीण
942 _cBOOK
999 _c196293
_d196293